<?xml version="1.0" encoding="UTF-8"?>
<marc:record xmlns:marc="http://www.loc.gov/MARC21/slim">
   <marc:leader>00000nam a2200000 a 4500</marc:leader>
   <marc:datafield ind1="1" ind2=" " tag="100">
      <marc:subfield code="a">Riordan, Rick</marc:subfield>
      <marc:subfield code="4">aut</marc:subfield>
      <marc:subfield code="e">Verfasser/-in</marc:subfield>
   </marc:datafield>
   <marc:datafield ind1=" " ind2=" " tag="653">
      <marc:subfield code="a">Jugendbuch</marc:subfield>
   </marc:datafield>
   <marc:datafield ind1=" " ind2=" " tag="653">
      <marc:subfield code="a">Fantasy</marc:subfield>
   </marc:datafield>
   <marc:datafield ind1=" " ind2=" " tag="653">
      <marc:subfield code="a">Mythologie</marc:subfield>
   </marc:datafield>
   <marc:datafield ind1=" " ind2=" " tag="653">
      <marc:subfield code="a">Antolin Jugendbuch</marc:subfield>
   </marc:datafield>
   <marc:datafield ind1="0" ind2="0" tag="245">
      <marc:subfield code="a">Der Kelch der Götter</marc:subfield>
   </marc:datafield>
   <marc:datafield ind1=" " ind2="1" tag="264">
      <marc:subfield code="b">Carlsen</marc:subfield>
      <marc:subfield code="c">2024</marc:subfield>
   </marc:datafield>
   <marc:datafield ind1="1" ind2=" " tag="490">
      <marc:subfield code="a">Percy Jackson</marc:subfield>
   </marc:datafield>
   <marc:datafield ind1="1" ind2=" " tag="520">
      <marc:subfield code="a">Percy Jackson musste schon mehrmals die Welt retten, nun hat er die Nase voll! Er hofft auf einen normalen Start am College zusammen mit seiner Freundin Annabeth. Doch leider sind die Götter noch nicht ganz fertig mit ihm. Angeblich braucht er für seine Zulassung drei Empfehlungsschreiben vom Olym ... Natürlich lassen sich die Götter da erst mal ordentlich bitten. Für sein erstes Schreiben muss er zusammen mit Annabeth und Grover in ein neues Abenteuer ziehen und den gestohlenen Kelch des Ganymed, des Mundschenks der Götter, wiederbeschaffen. Und die Aufgabe hat es in sich!</marc:subfield>
   </marc:datafield>
   <marc:datafield ind1=" " ind2=" " tag="020">
      <marc:subfield code="a">9783551558466</marc:subfield>
      <marc:subfield code="9">9783551558466</marc:subfield>
   </marc:datafield>
</marc:record>
